[Event "GBR-ch 105th"]
[Site "Hull"]
[Date "2018.08.05"]
[Round "9"]
[White "Gormally, Daniel"]
[Black "Adams, Michael"]
[Result "1/2-1/2"]
[WhiteElo "2478"]
[BlackElo "2706"]
[Annotator "ChessBase"]
[PlyCount "66"]
[EventDate "2018.07.28"]
[EventType "swiss"]
[EventRounds "9"]
[EventCountry "ENG"]
[SourceTitle "CBM 186"]
[Source "ChessBase"]
[SourceDate "2018.09.14"]
[SourceVersion "1"]
[SourceVersionDate "2018.09.14"]
[SourceQuality "1"]

1. e4 e5 2. Nf3 Nc6 3. d4 exd4 4. Nxd4 Nf6 5. Nxc6 bxc6 6. e5 Qe7 7. Qe2 Nd5 8.
c4 Ba6 9. a3 {This move is not played, and is either a sign of bad preparation
or of exceedingly good preparation from White. Knowing him, I have my
suspicions.} (9. Nd2 {is one of the biggest moves, and has seen recent British
interest.} g6 10. Nf3 Qb4+ 11. Kd1 Ne7 12. Qc2 (12. Kc2 $5) (12. Bg5 $5 $11)
12... c5 13. Bd3 Bg7 $15 {Jones,G-Kramnik,V Douglas 2017}) 9... g6 (9... Nb6 $1
{I think this is the most accurate order against White's experiment.} 10. b3 g6
$15) 10. h4 h6 (10... Bg7 11. Bg5 Qc5 {is the engine recommendation, but this
is vaguely scary after} 12. Nd2 $5 {e.g.} O-O 13. Ne4 Qd4 14. Rd1 Qxe5 15. Nc5
$5 $44) 11. Nd2 (11. f4 $5 {might turn out to economise a bit on the game if
White can go straight to c2, e.g.} Nb6 12. Qc2 $11) 11... Bg7 12. Qe4 Nb6 13.
f4 d5 {Now Black obtains, and consolidates, a fairly static advantage in the
form of the better bishop.} 14. cxd5 cxd5 15. Qc2 Bxf1 16. Kxf1 O-O-O 17. Nf3 (
17. a4 f6 18. a5 Nd7 19. Qxg6 {is ridiculously sharp, but unlikely to ever be
that great for White:} Nc5 $40) 17... f6 18. Be3 fxe5 19. fxe5 Rhf8 $5 {
Good call by Adams to sacrifice the exchange.} (19... Qe6 {was the solid move,
but White is also consolidating following} 20. Re1 $11) 20. Bc5 Qxe5 21. Bxf8
Rxf8 22. Re1 (22. Qxg6 Qxb2 23. Rb1 Qa2 $13) 22... Qxb2 23. Qxb2 Bxb2 24. Re6
Bf6 25. Kf2 Kd7 {The situation has clarified and Black has the solid advantage
he was looking for. That he did not convert is a testament to Gormally's
oft-unnoticed class, and to the nerves surrounding this last-round encounter.}
26. Re2 c5 27. Kg3 (27. g4 d4 28. Kg3 d3 29. Re4 c4 $17) 27... c4 28. h5 {
Trying to open some lines for the rook.} Rg8 (28... g5 $19 {should really be a
reflex reaction.}) 29. hxg6 Rxg6+ 30. Kf4 Bg7 31. Rhe1 (31. Ne5+ Bxe5+ 32. Rxe5
Kd6 $17) 31... Kd6 $6 (31... Rf6+ 32. Kg4 Bf8 $17 {was slow and steady.}) 32.
Nh4 $1 {Now White is fine as his knight hops up the board and co-ordinates
with Re7-c7 ideas.} Rg5 33. Nf3 {The sane decision.} (33. Nf5+ {leads to an
absolute mess:} Kc5 34. Re7 Bc3 35. Rc7+ (35. R1e2 $5) 35... Kb5 36. Nd6+ Ka4
37. Rxa7+ Kb3 38. Rb1+ Ka2 39. Rxb6 Bd4 {The engine gives the bizarre '0.08'
but in a human game, anything can happen with no notice given.}) 33... Rg6 {
An abrupt draw by repetition!} 1/2-1/2

[Event "Khanty-Mansiysk FIDE GP (Women)"]
[Site "Khanty-Mansiysk"]
[Date "2014.04.14"]
[Round "5"]
[White "Muzychuk, Anna"]
[Black "Stefanova, Antoaneta"]
[Result "1/2-1/2"]
[WhiteElo "2560"]
[BlackElo "2489"]
[Annotator "ChessBase Website"]
[PlyCount "59"]
[EventDate "2014.04.09"]
[EventType "tourn"]
[EventRounds "11"]
[EventCountry "RUS"]
[EventCategory "10"]
[SourceTitle "CBM 160"]
[Source "ChessBase"]
[SourceDate "2014.05.15"]
[SourceVersion "1"]
[SourceVersionDate "2014.05.15"]
[SourceQuality "1"]
[TimeControl "40/5400+30:1800+30"]
[WhiteClock "1:30:00"]
[BlackClock "1:30:00"]

1. e4 {[%emt 0:00:00]} e5 {[%emt 0:00:00]} 2. Nf3 {[%emt 0:00:00]} Nc6 {
[%emt 0:00:00]} 3. d4 {[%emt 0:00:00]} exd4 {[%emt 0:00:00]} 4. Nxd4 {[%emt 0:
00:00]} Bb4+ {[%emt 0:00:00]} 5. c3 {[%emt 0:00:35]} Bc5 {[%emt 0:00:06]} 6.
Nxc6 {[%emt 0:00:36]} bxc6 {[%emt 0:04:06]} 7. Bd3 {[%emt 0:00:13]} Qh4 {
[%emt 0:14:42]} 8. Qe2 {[%emt 0:00:33]} d6 {[%emt 0:02:16]} (8... Nf6 9. Be3
Bxe3 10. Qxe3 O-O 11. Nd2 Re8 12. g3 Qh5 13. f3 Rb8 14. b3 Qa5 15. b4 Qa3 16.
Qd4 Ba6 17. Bxa6 Qxa6 18. Kf2 d6 19. Rhe1 Nd7 20. Qc4 Qc8 21. Kg2 c5 22. a3 a5
23. b5 Ne5 24. Qf1 a4 25. Rab1 Qe6 26. f4 Qa2 27. Qe2 Nd7 28. Nc4 Qxe2+ 29.
Rxe2 f5 30. e5 Nb6 31. Nxb6 Rxb6 32. c4 Kf7 33. Rbe1 d5 34. cxd5 Rxb5 35. Rc1
Rd8 36. Rc4 Ra5 37. Rd2 Ke7 38. h3 {Tomczak,J (2565)-Gajewski,G (2653) Poland
2013 1/2-1/2}) 9. Be3 {[%emt 0:19:54]} Bxe3 {[%emt 0:11:03]} 10. Qxe3 {[%emt 0:
00:03]} Nf6 {[%emt 0:00:20]} 11. Qg3 $146 {[%emt 0:05:54]} (11. Nd2 O-O 12. O-O
Re8 13. h3 Nd5 14. Qf3 Nf4 15. Rfd1 Rb8 16. b3 Re6 17. Bf1 Rg6 18. Kh2 Qh6 19.
Qe3 Rb5 20. Nf3 Rxg2+ 21. Bxg2 Bxh3 22. e5 Bxg2+ 23. Kg3 g5 {0-1 (23) Rensch,D
(2384)-Benen,S (2323) Lindsborg 2004}) 11... Qh6 {[%emt 0:03:10]} 12. O-O {
[%emt 0:05:58]} Nh5 {[%emt 0:06:20]} 13. Qf3 {[%emt 0:00:07]} Nf4 {[%emt 0:09:
24]} 14. Re1 {[%emt 0:03:27]} Rb8 $132 {[%emt 0:09:04][%csl Rb2,Gb8] Muzychuk
obtained nothing from her Scotch Opening and Stefanova was able to trade many
pieces and reach an easily drawn rook endgame.} 15. b3 {[%emt 0:03:45]} Nxd3 {
[%emt 0:02:37]} 16. Qxd3 {[%emt 0:00:08]} Rb5 {[%emt 0:01:14]} 17. Nd2 {
[%emt 0:06:02]} Rh5 {[%emt 0:02:06]} 18. Nf1 {[%emt 0:00:31]} O-O {[%emt 0:04:
57]} 19. Qe3 {[%emt 0:03:43]} Qxe3 {[%emt 0:01:45]} 20. Nxe3 {[%emt 0:00:04]}
f5 {[%emt 0:08:17]} 21. exf5 {[%emt 0:03:47]} Bxf5 {[%emt 0:00:06]} 22. Nxf5 {
[%emt 0:02:06]} Rhxf5 {[%emt 0:00:07]} 23. f3 {[%emt 0:00:04]} a5 {[%emt 0:03:
54]} 24. Re7 {[%emt 0:06:25]} R8f7 {[%emt 0:02:04]} 25. Rae1 {[%emt 0:00:15]}
Rc5 {[%emt 0:02:20]} 26. c4 {[%emt 0:01:33]} a4 {[%emt 0:03:14]} 27. Re8+ {
[%emt 0:07:48]} Rf8 {[%emt 0:00:05]} 28. R8e7 {[%emt 0:01:10]} Rf7 {[%emt 0:00:
11]} 29. Re8+ {[%emt 0:00:04]} Rf8 {[%emt 0:00:03]} 30. R8e7 {[%emt 0:00:04]}
1/2-1/2

[Event "Paris FIDE GP"]
[Site "Elancourt"]
[Date "2013.09.22"]
[Round "1"]
[White "Caruana, Fabiano"]
[Black "Bacrot, Etienne"]
[Result "1/2-1/2"]
[WhiteElo "2779"]
[BlackElo "2723"]
[Annotator "ChessBase Website"]
[PlyCount "66"]
[EventDate "2013.09.22"]
[EventType "tourn"]
[EventRounds "11"]
[EventCountry "FRA"]
[EventCategory "20"]
[SourceTitle "CBM 157"]
[Source "ChessBase"]
[SourceDate "2013.11.12"]
[SourceVersion "1"]
[SourceVersionDate "2013.11.12"]
[SourceQuality "1"]
[TimeControl "40/7200:20/3600:900+30"]
[WhiteClock "2:00:00"]
[BlackClock "2:00:00"]

1. e4 {[%emt 0:00:03]} e5 {[%emt 0:00:07]} 2. Nf3 {[%emt 0:00:04]} Nc6 {
[%emt 0:00:06]} 3. d4 {[%emt 0:00:05]} exd4 {[%emt 0:00:06]} 4. Nxd4 {[%emt 0:
00:03]} Nf6 {[%emt 0:00:09]} 5. Nxc6 {[%emt 0:00:07]} bxc6 {[%emt 0:00:06]} 6.
e5 {[%emt 0:00:05]} Qe7 {[%emt 0:00:06]} 7. Qe2 {[%emt 0:00:05]} Nd5 {[%emt 0:
00:11]} 8. c4 {[%emt 0:00:08]} Nb6 {[%emt 0:00:17]} 9. Nc3 {[%emt 0:00:08]} Qe6
{[%emt 0:00:44]} 10. Qe4 {[%emt 0:00:13]} Bb4 {[%emt 0:00:33]} 11. Bd2 {
[%emt 0:00:07]} Ba6 {[%emt 0:00:19]} (11... Bb7 12. Bd3 O-O-O 13. O-O-O c5 14.
Qe2 Rhe8 15. f4 d6 16. a3 Bxc3 17. Bxc3 g6 18. Rhf1 Na4 19. Ba5 dxe5 20. fxe5
f5 21. exf6 {1-0 (21) Caruana,F (2796)-Granda Zuniga,J (2664) Tromso 2013}) 12.
b3 {[%emt 0:00:08]} Bxc3 {[%emt 0:01:07]} 13. Bxc3 {[%emt 0:00:05]} d5 {
[%emt 0:00:11]} 14. Qf3 {[%emt 0:00:05]} dxc4 {[%emt 0:02:22]} 15. Be2 {
[%emt 0:00:27]} O-O {[%emt 0:02:46]} 16. O-O {[%emt 0:02:17]} Rad8 {[%emt 0:03:
49]} 17. Rac1 $146 {[%emt 0:00:10]} (17. Rfe1 Rfe8 18. Rac1 c5 19. Bf1 Nd5 20.
bxc4 Nb4 21. Bxb4 cxb4 22. Qe3 {1/2-1/2 (22) Ljubojevic,L (2590)-Spassky,B 
(2640) Montreal 1979}) 17... c5 {[%emt 0:14:30]} 18. Rfd1 {[%emt 0:00:09]} h6 {
[%emt 0:23:35]} 19. Ba1 {[%emt 0:19:44]} Rfe8 {[%emt 0:12:33]} 20. Qg3 {
[%emt 0:13:02]} Qg6 {[%emt 0:11:58]} 21. Qxg6 {[%emt 0:10:51]} fxg6 {[%emt 0:
01:06]} 22. h4 $14 {[%emt 0:17:02][%csl Rg6] The Italian super-star was able
to obtain a very slight edge from this Scotch, but it was not enough to win
the game. With clever regrouping of his pieces and an excellent feel for what
was truly important in the position Bacrot was able to neutralize White's pair
of bishops and his superior pawn structure by maintaining enormous pressure on
the c4 pawn throughout the game. White's own pawn on e5 limited the scopre of
his dark-squared bishop and he was unable to use this pair of bishops
advantage. The players repeated moves in an equal position that was at least
much more fighting than the Ivanchuk-Dominguez game.} Bc8 {[%emt 0:08:08]} 23.
bxc4 {[%emt 0:00:18]} Be6 {[%emt 0:04:27]} 24. Kf1 {[%emt 0:14:00]} Kf7 {
[%emt 0:13:02]} 25. Rxd8 {[%emt 0:04:04]} Rxd8 {[%emt 0:00:02]} 26. Ke1 {
[%emt 0:00:18]} g5 {[%emt 0:03:50]} 27. h5 {[%emt 0:07:12]} c6 {[%emt 0:02:32]}
28. Rc3 {[%emt 0:05:43]} Rd7 {[%emt 0:00:23]} 29. Bd3 {[%emt 0:05:27]} Ke7 {
[%emt 0:04:00]} 30. f3 {[%emt 0:03:40]} Na4 {[%emt 0:01:07]} 31. Ra3 {[%emt 0:
07:43]} Nb6 {[%emt 0:00:01]} 32. Rc3 {[%emt 0:03:37]} Na4 {[%emt 0:00:02]} 33.
Rb3 {[%emt 0:01:55]} Nb6 {[%emt 0:00:02]} 1/2-1/2

[Event "Linares 10th"]
[Site "Linares"]
[Date "1992.??.??"]
[Round "10"]
[White "Gelfand, Boris"]
[Black "Karpov, Anatoly"]
[Result "1/2-1/2"]
[WhiteElo "2665"]
[BlackElo "2725"]
[Annotator "Dautov,R"]
[PlyCount "47"]
[EventDate "1992.02.??"]
[EventType "tourn"]
[EventRounds "13"]
[EventCountry "ESP"]
[EventCategory "17"]
[SourceTitle "CBM 028"]
[Source "ChessBase"]
[SourceDate "1992.06.01"]
[SourceVersion "1"]
[SourceVersionDate "1992.06.01"]
[SourceQuality "1"]

1. e4 {Schussler} e5 2. Nf3 Nc6 3. d4 exd4 4. Nxd4 Nf6 5. Nxc6 bxc6 6. e5 Qe7
7. Qe2 Nd5 8. c4 Ba6 9. b3 g6 (9... Qh4 $5 {Schussler} 10. Bb2 (10. a3 Bc5 11.
Bb2 (11. g3 Bxf2+ {11. - Qe7 12.Bb2 + =} 12. Qxf2 Qe4+ 13. Kd2 Qxh1 14. Bg2
Qxh2 15. cxd5 cxd5 16. Bb2 $13 {(Wedberg,T)}) 11... Nf4 12. Qf3 Ne6 13. g3 Qh6
14. Nd2 Rb8 15. Qd3 O-O 16. Bg2 Rfd8 17. b4 d6 $10 {Sax,G-Van der Wiel,J, Wijk
1992 CBM 28 game 911.}) 10... Bb4+ 11. Kd1 Nf4 12. Qe3 Ne6 $15 {
Gufeld-Vistaneckis, Russia 1955.}) 10. f4 (10. Ba3 Qh4 11. Bxf8 Kxf8 {/\Re8
Portisch,L}) (10. Bb2 Bg7 11. Nd2 (11. g3 $5) 11... Nb4 $36 12. Nf3 c5 13. g3
O-O 14. Bg2 Rae8 (14... d5 15. O-O dxc4 16. bxc4 Rad8 17. Rfd1 Qe6 18. Bf1 Bb7
19. Ng5 Qf5 20. f4 h6 21. Nf3 g5 $15 {Sveshnikov,E-Haritonov,A Leningrad,1991})
15. O-O d6 16. Ne1 Qd7 17. Qd2 (17. f4 $5) 17... Bxe5 18. Bxe5 Rxe5 19. a3 Nc6
20. Nd3 Re7 $15 {Hjartarson,J-Portisch,L Reykjavik,1991}) 10... Qb4+ $1 {N} (
10... f6 11. Ba3 Qf7 (11... Nb4 12. Bb2 fxe5 13. a3 Nd5 14. Qxe5 Nf6 15. Be2
Bg7 16. Nd2 $16) (11... c5 12. g3 $1 fxe5 13. Bg2 c6 14. fxe5 Bg7 15. Bb2 O-O
16. Nd2 $14 {/\Nf3;Kasparov,Inf.53/297}) 12. Qd2 Nb6 13. c5 Bxf1 14. cxb6 axb6
$2 (14... Ba6 15. bxc7 fxe5 16. Qa5 Qxf4 $1 17. Qxa6 Qh4+ $3 18. Kd1 (18. g3
Qe4+ 19. Kf2 Bxa3 $17) 18... Qd4+ 19. Nd2 (19. Kc2 Qe4+) 19... Bxa3 20. c8=Q+
Rxc8 21. Qxc8+ Ke7 22. Qxh8 Qxa1+ 23. Ke2 Qxh1 24. Qxe5+ Kf7 25. Qf4+ $10 {
Kasparov}) 15. e6 $3 $16 {Kasparov,G-Karpov,A Tilburg(Interpolis) 1991}) 11.
Bd2 (11. Qd2 $4 Nxf4 $17) 11... Qb6 {/\Qd4} (11... Nxf4 $4 12. Qe4 $18) 12. Nc3
$5 (12. Qe4 $5 f5 $1 (12... Ne7 $2 13. Nc3 Bg7 14. Na4 $16) (12... Nb4 $6 13.
Nc3 Qd4 14. Qb1 $1 $16 {/\a3}) 13. Qc2 (13. exf6+ Kf7 $40 14. cxd5 Re8 15.
Qxe8+ Kxe8 16. Bxa6 Qxa6 $17) 13... Nb4 (13... Nxf4 $2 14. Bxf4 Qd4 15. Bd2
Qxe5+ 16. Be2 Qxa1 17. Bc3 $18) 14. Qb2 Qd4 $10) 12... Bb4 13. Qf3 (13. Nxd5 $6
cxd5 $36) 13... Nxc3 14. Bxc3 Bb7 $1 {/\c5,0-0-0} (14... Qd4 $5 15. Rc1 Bxc3+
16. Rxc3 O-O-O 17. Be2 (17. c5 Bxf1 18. Rxf1 f6 $36) 17... f6 $10) 15. O-O-O c5
16. Qe3 {/\Bb2+/-} Bxc3 17. Qxc3 O-O-O $10 {/^h1-a8} 18. h4 Rhe8 (18... d6 $6
19. exd6 cxd6 20. Rh3 $14 {><d6,f6}) 19. Rh3 d6 20. Rhd3 (20. exd6 Rxd6 21.
Rxd6 $6 Qxd6 $36) 20... dxe5 21. Qxe5 Qc6 22. Rxd8+ Rxd8 23. Rxd8+ Kxd8 24. Kd2
(24. Qh8+ Ke7 25. Qxh7 $4 Qe4 $19) 1/2-1/2

[Event "EU-chT (Men) 12th"]
[Site "Batumi"]
[Date "1999.12.06"]
[Round "8.2"]
[White "Macieja, Bartlomiej"]
[Black "Dautov, Rustem"]
[Result "1/2-1/2"]
[WhiteElo "2542"]
[BlackElo "2597"]
[Annotator "Dautov,R"]
[PlyCount "40"]
[EventDate "1999.11.06"]
[EventType "team-swiss"]
[EventRounds "9"]
[EventCountry "GEO"]
[SourceTitle "CBM 074"]
[Source "ChessBase"]
[SourceDate "2000.02.01"]
[SourceVersion "1"]
[SourceVersionDate "2000.02.01"]
[SourceQuality "1"]
[WhiteTeam "Poland"]
[BlackTeam "Germany"]
[WhiteTeamCountry "POL"]
[BlackTeamCountry "GER"]

1. e4 e5 2. Nf3 Nc6 3. d4 exd4 4. Nxd4 Bc5 5. Nxc6 Qf6 6. Qd2 Qxc6 {Ein
seltener Zug, der gar nicht schlecht ist.} 7. Nc3 (7. Bd3 {läßt für Weiß
einige weitere Optionen offen, wie z.B. b2-b4.}) 7... Ne7 (7... Nf6 8. Bd3 O-O
9. O-O Re8 10. Qd1 b6 11. Bf4 Bb7 12. Bb5 Qe6 13. e5 Nd5 14. Nxd5 Bxd5 15. Bg3
Bc6 16. Qd3 Bxb5 17. Qxb5 d5 $11 {Illescas Cordoba,M-Kortschnoj,V/Wijk aan Zee
1997}) 8. Bb5 $6 $146 (8. Bd3 O-O 9. O-O Bb4 $5 $11) 8... Qg6 9. O-O O-O (9...
a6 10. Bd3 O-O (10... d6 11. Nd5 $14) 11. e5 $36) 10. Na4 {Weiß verdrängt den
gegnerischen Läufer von der Diagonale a7-g1, um ohne Zeitverlust f2-f4 spielen
zu können.} (10. Qg5 Qxg5 11. Bxg5 a6 12. Bd3 f6 13. Bf4 d6 $11) (10. Kh1 a6
11. Bd3 d6 $11) 10... Bd6 $1 (10... a6 11. Bxd7 Bxf2+ $1 12. Rxf2 Rd8 13. Nc5
b6 (13... Bxd7 $2 14. Nxb7 $18) 14. Qg5 $14) 11. Bd3 {/\f4} Be5 $1 12. f4 (12.
c3 Qc6 $1 13. f4 Qxa4 14. fxe5 Ng6 15. Qg5 Qc6 16. Bf4 Re8 17. Kh1 b6 $15 {
><e5,e4}) 12... Bd4+ 13. Kh1 {Weiß hat sein Ziel erreicht, aber sein Springer
ist deplaziert. Dies gibt Schwarz den Anlaß zum Gegenspiel im Zentrum.} d5 $1
14. exd5 (14. f5 Qc6 15. Nc3 Rd8 (15... dxe4 16. Bxe4 (16. Nxe4 $2 Nxf5 $17)
16... Bxc3 17. Qd3 $13) 16. exd5 Nxd5 17. Nxd5 Qxd5 18. Qf4 Be5 19. Qg4 $11)
14... Bf5 15. Bxf5 $2 (15. Re1 $2 Bxd3 16. Rxe7 Be4 17. c3 Rae8 $1 18. Rxe8
Rxe8 19. cxd4 Bxg2+ $19) ({Besser war} 15. Rd1 $1 {/\Bf1, wonach Schwarz eine
ausreichende Kompensation für den Bauern hat, aber nicht mehr.} Rad8 (15...
Rfe8 $5 16. Bb5 c6 17. dxc6 bxc6 $44) (15... Bxd3 16. Qxd3 Nf5 $44 17. c3 $2 (
17. c4) 17... Bf2 18. Qh3 Rae8 $44) 16. c4 $1 {/\Bf1} (16. Qb4 c5 $1 17. Nxc5 (
17. Qxb7 Bxd3 18. Rxd3 Nxd5 $44) 17... Rxd5 18. Nxb7 Bxd3 19. Rxd3 Nf5 20. Bd2
(20. c3 $2 Bf2 $19) 20... Ng3+ 21. Rxg3 Qxg3 $17) 16... Bxd3 17. Qxd3 Nf5 18.
Nc3 Rfe8 $44) 15... Nxf5 $15 {/\Ng3} 16. Qd3 Rfe8 $2 ({Schwarz verpaßt die
Möglichkeit, unter günstigen Umständen den Bauern zurückzuerobern:} 16... Rad8
$1 17. Nc3 (17. c3 $2 Be3 $1 $19) 17... Rd6 $1 {/\Ng3} 18. Rf3 (18. Ne2 Rxd5
19. c3 Ne3 20. Qxg6 hxg6 21. Bxe3 Bxe3 $15) 18... Rfd8 19. Bd2 Bxc3 20. Bxc3
Rxd5 21. Qe2 h5 $17) 17. Nc3 Qg4 $5 (17... Rad8 18. Bd2 Ne3 (18... c6 $5) 19.
Qxg6 hxg6 20. Bxe3 Rxe3 21. Nb5 $8 Rxd5 22. c4 Rd7 23. Rad1 c5 24. Rd2 $11) 18.
Bd2 Bxc3 19. Bxc3 Re3 $2 (19... Re2 $142 $1 20. Qf3 (20. Rg1 Rae8 $36) 20...
Qxf3 21. Rxf3 Rae8 22. Rc1 Ne3 $15) 20. Qd1 $8 Qg6 $44 (20... Re2 $2 21. Rf2 $1
$18 {habe ich zu spät gesehen und bot deshalb hier Remis an. Weiß muß trotz
seines Mehrbauerns sehr aufpassen.}) (20... Qg6 {Schlecht ist z.B.} 21. Be5 Re8
22. c4 $2 f6 $19 23. Bxc7 Re2 24. Rg1 Ng3+ $19) 1/2-1/2

[Event "Porz Citroen-Cup"]
[Site "Cologne"]
[Date "1992.??.??"]
[Round "3"]
[White "Schaefer, Markus"]
[Black "Smejkal, Jan"]
[Result "1-0"]
[WhiteElo "2435"]
[BlackElo "2525"]
[Annotator "Dautov,R"]
[PlyCount "81"]
[EventDate "1992.08.??"]
[EventType "tourn"]
[EventRounds "9"]
[EventCountry "GER"]
[EventCategory "9"]
[SourceTitle "CBM 031"]
[Source "ChessBase"]
[SourceDate "1992.12.01"]
[SourceVersion "1"]
[SourceVersionDate "1992.12.01"]
[SourceQuality "1"]

1. e4 e5 2. Nf3 Nc6 3. d4 exd4 4. Nxd4 Bc5 5. Be3 Qf6 6. c3 Nge7 7. Bc4 Ne5 8.
Be2 Qg6 9. O-O d6 10. f3 O-O 11. Nd2 d5 12. Kh1 Bb6 $1 {N} (12... dxe4 13. fxe4
Bb6 (13... Bg4 14. Bf4 Bxe2 15. Qxe2 Bd6 16. Bxe5 Bxe5 17. N2f3 Bxd4 18. cxd4
c6 19. Rae1 Rad8 20. Qc4 Qe6 $10 {Kindermann,S-Mikhalchishin,A Dortmund(op)
1992}) 14. Bf4 N7c6 15. Bh5 Qf6 16. N2b3 Qe7 17. Qc2 Bd7 18. Nf5 Bxf5 19. exf5
Rad8 {Illescas Cordoba-Karpov,An Linares 1992 54/293}) 13. Bg1 (13. f4 Ng4 14.
Bg1 dxe4 15. f5 Nxf5 16. Nxf5 (16. Bxg4 Ng3+ 17. hxg3 Bxg4 18. Qe1 Qh5+ 19. Bh2
f5 $13 {Karpov}) 16... Bxf5 17. Rxf5 $1 {Karpov} Qxf5 18. Bxg4 Qg6 $13 {
/\Rad8,f5} 19. Nc4 Rad8 20. Qe2) 13... dxe4 14. fxe4 Bd7 (14... Bg4 15. N2f3
Nxf3 16. Bxf3 Bxf3 17. Qxf3 Nc6 $10) 15. Qc2 Rad8 16. Rad1 N7c6 (16... Bg4 $5)
17. Nc4 (17. Nf5 Bxg1 18. Kxg1 Bxf5 19. exf5 Qg5) 17... Nxc4 18. Bxc4 Ne5 19.
Bd5 c6 20. Bb3 Kh8 21. Rde1 Qh5 22. Nf3 Bxg1 23. Kxg1 f6 $6 (23... Nxf3+ 24.
Rxf3 Bg4 25. Rd3 (25. Rg3 Qc5+ 26. Qf2 Qxf2+ 27. Kxf2 Bh5 28. Ke3 Rfe8) 25...
Qc5+ 26. Kh1 f6 $15) 24. Nxe5 Qxe5 25. Qf2 b6 (25... c5 26. Bd5 b6 $10) 26. Qd4
Bg4 $2 (26... Rfe8 27. Qxe5 Rxe5 28. Rd1 Re7 29. Rd6 $14) (26... Qc7 $10) 27.
Qxe5 fxe5 28. h3 Bh5 (28... Bc8 29. Rxf8+ Rxf8 30. Rd1 g6 31. Rd6 c5 32. Bd5
$16) 29. Rf5 $1 Bg6 30. Rxe5 Rd2 31. Rf1 Rxf1+ 32. Kxf1 Rxb2 33. Re7 $16 h5 34.
e5 a5 35. Rd7 a4 (35... Be4 36. e6 Bxg2+ 37. Kg1) 36. Bxa4 Be4 37. e6 $18 Bxg2+
38. Ke1 Bf3 39. Bd1 $1 Rb5 (39... Bxd1 40. e7 Re2+ 41. Kxd1 $18) 40. Bxf3 Re5+
41. Kf2 1-0

[Event "Bad Lauterberg Bohemia"]
[Site "Bad Lauterberg"]
[Date "1991.11.06"]
[Round "2"]
[White "Nielsen, Peter Heine"]
[Black "Dautov, Rustem"]
[Result "1/2-1/2"]
[WhiteElo "2445"]
[BlackElo "2595"]
[Annotator "Dautov,R"]
[PlyCount "84"]
[EventDate "1991.11.05"]
[EventType "tourn"]
[EventRounds "11"]
[EventCountry "GER"]
[EventCategory "10"]
[SourceTitle "CBM 027"]
[Source "ChessBase"]
[SourceDate "1992.04.01"]
[SourceVersion "1"]
[SourceVersionDate "1992.04.01"]
[SourceQuality "1"]

1. e4 e5 2. Nf3 Nc6 3. d4 exd4 4. Nxd4 Nf6 5. Nxc6 bxc6 6. e5 Qe7 7. Qe2 Nd5 8.
c4 Nb6 9. Nd2 Qe6 (9... Bb7 $5 10. b3 O-O-O 11. Bb2 c5 12. O-O-O d6 13. exd6
Qxd6 (13... cxd6 14. Qg4+ Qe6 15. Be2 $14 {(Wedberg). Lukez-Wedberg, Örebro
1991.}) 14. Qg4+ Kb8 15. Be2 h5 16. Qf5 Qh6 $13 {Chandler,M-Adams,M (CBM 27
game 454).}) 10. b3 a5 (10... Be7 11. Bb2 O-O 12. Qe3 (12. O-O-O d5 13. exd6
cxd6 14. Qf3 d5 15. Bd3 Qh6 $10 {Th.Thorhallsson-Hjartarson Island(ch),1991})
12... d5 (12... f6 13. Bd3 fxe5 14. O-O $2 d6 $17 {Stefansson,H-Petran,PA (CBM
27 game 191).}) 13. Bd3 Bb4 (13... Ba6 $5 14. O-O Rad8 15. Rac1 c5 16. Rfd1 (
16. f4 f5 17. Rfd1 d4 $10) 16... d4 17. Qe4 $14) 14. O-O Bxd2 15. Qxd2 dxc4 16.
Bc2 Ba6 17. Rfd1 cxb3 18. axb3 $146 {Steingrimsson-Sigfusson,Island(ch),1991})
11. Bb2 a4 (11... Bb4 12. a3 Bxd2+ 13. Qxd2 $14 d5 $2 (13... O-O $142 $14 {
Schussler}) 14. cxd5 cxd5 15. Rc1 $16 {Kasparov,G-Karpov,A/ Lion m 1990}) 12.
g3 (12. Qe3 $142 Bb4 13. Bd3 axb3 (13... a3 $2 14. Bd4 c5 15. Bxc5 Bxc5 16.
Qxc5 d6 17. Qe3 $16) (13... d6 14. O-O-O $1 (14. exd6 Qxe3+ 15. fxe3 cxd6 16.
Bxg7 Rg8 17. Bd4 Rxg2 18. O-O-O $10) 14... axb3 15. axb3 O-O 16. Qe4 $36) 14.
axb3 Rxa1+ 15. Bxa1 d6 16. O-O dxe5 17. Bxe5 Nd7 18. Bf4 Qxe3 19. Bxe3 $14)
12... Bb4 13. Bg2 O-O 14. O-O d5 $132 15. Nf3 $2 (15. f4 Qg6 $1 (15... f5 16.
Nf3 Ba6 17. Ng5 Qe7 18. Rfc1 h6 (18... dxc4 19. bxc4 Qc5+ 20. Kh1 Bxc4 21. Qh5
h6 22. Ne6 $16) 19. Nf3 Qe6 20. Nd4 Bc5 21. Qf2 Bxd4 22. Bxd4 dxc4 23. Bxb6
cxb6 24. Qxb6 $16) 16. Nf3 Qh5 $132 {/\Ba6}) 15... a3 $1 (15... Ba6 16. Nd4 Qg6
17. Rac1 c5 18. Nf3 h6 $13 (18... Qe6 $2 19. Ng5 Qg6 20. f4 $16)) 16. Bd4 (16.
Bc1 Bc3 17. Rb1 dxc4 18. Qc2 Bxe5 $17 {/\Qf5}) 16... c5 17. Be3 Ba6 18. Qc2 Qg6
(18... h6 $5 19. cxd5 Nxd5 20. Bxc5 (20. Rfd1 Nxe3 21. fxe3 Rad8 22. Bf1 Bb7
$17) 20... Bxc5 21. Qxc5 Bxf1 22. Rxf1 Rad8 $8 23. Qxa3 (23. Nd4 $2 Qe7 $17)
23... Qb6 $15) 19. Qxg6 hxg6 20. Rfc1 $1 dxc4 21. Nd2 $1 Rae8 $8 (21... c3 $2
22. Ne4 c4 23. bxc4 Nxc4 24. Bc5 $16) (21... cxb3 $2 22. Nxb3 c4 23. Nc5 $16) (
21... Bxd2 $2 22. Bxd2 Rad8 23. Be3 $16) 22. Nxc4 (22. f4 $142 f6 23. Nxc4 Bxc4
24. bxc4 fxe5 25. Rc2 $15) 22... Bxc4 $2 (22... Nxc4 23. bxc4 Rxe5 24. Bf4 Re7
$17 {/\Bc8-f5}) 23. bxc4 Rxe5 24. Rc2 $15 {פb6} Rd8 25. Bf4 Re7 26. Rb1 Red7
27. Bf3 $138 Nc8 28. Bg4 Re7 29. h4 Nb6 $138 30. Kg2 {><c7} Na4 31. Rb3 Nb2 32.
Be2 Red7 33. Bc1 $1 Nd3 34. Bxd3 Rxd3 35. Rxd3 Rxd3 36. Kf1 $10 Rd1+ (36... f6
37. Ke2 Rd7 38. Be3 Kf7 39. Rc1 Ke6 40. Rd1 Rxd1 41. Kxd1 Kf5 42. f3 $10) 37.
Ke2 Re1+ 38. Kf3 f6 39. Be3 Kf7 (39... Rb1 40. Bc1 $10) 40. Bc1 Rg1 41. Be3 Ke6
42. Rc1 Rxc1 1/2-1/2